00806nam a22002177a 450000500170000001000150001702000260003203500140005803700130007208200240008510000300010924500660013926000400020527000450024530000200029050000610031070000240037194200220039599900190041795201520043620240328124729.0 aENG-139197 c480.00a9789383918135 aEN-122729 bDBAD/PUB a3502second edition aAribam, Radhabinod964050 aPublic Administration/cBy Radhabinod Aribam and Shyam Salona aDelhibKBC Nano Publication Pvt.Ltd bDelhi aA-3/2, Christian Colony e110060 a432p.c24cm(pb) aUseful for IAS/PCS, University Exams< UGC-NET and Others aSalona,Shyam961679 2ddccENmARIh350 c200640d200640 001040708NFICaBNbBNd2024-02-12eDelivery of Books Act Divisiong480.00l0oARI 350pEN-122729r2024-02-12 00:00:00t1v480.00w2024-02-12yEN